It's best to put agreements in writing (Record no. 79778)
[ view plain ]
| 000 -LEADER | |
|---|---|
| fixed length control field | 01257cab a22002295a 4500 |
| 001 - CONTROL NUMBER | |
| control field | L142335 |
| 008 - FIXED-LENGTH DATA ELEMENTS--GENERAL INFORMATION | |
| fixed length control field | 080206e20080202xxk f 000 0 eng d |
| 035 ## - SYSTEM CONTROL NUMBER | |
| System control number | (Sirsi) u142335 |
| 041 0# - LANGUAGE CODE | |
| Language code of text/sound track or separate title | eng |
| 100 1# - MAIN ENTRY--PERSONAL NAME | |
| Personal name | Murdoch, John |
| 245 00 - TITLE STATEMENT | |
| Title | It's best to put agreements in writing |
| 260 ## - PUBLICATION, DISTRIBUTION, ETC. | |
| Date of publication, distribution, etc. | 2008 |
| 490 ## - SERIES STATEMENT | |
| Series statement | Estates Gazette |
| Volume/sequential designation | (0804) 2 February 2008, 167(1) |
| 520 ## - SUMMARY, ETC. | |
| Summary, etc. | Considers the case of Ian Green Residential Ltd v Asfari. The case reinforces the requirement outlined by the Estate Agents Act 1979 s18 for Agents to state their fees in writing. The judge concluded that mention of a retainer had only been made after the defendants had been taken to view a property. The defendants then revealed they had already retained another agent. It was found that they had at all times made it clear they would not pay for these services. The judge issued guidance that such breach would not have implied a forfeited commission had this been relevant. |
| 590 ## - LOCAL NOTE (RLIN) | |
| Local note | KA |
| 650 24 - SUBJECT ADDED ENTRY--TOPICAL TERM | |
| Topical term or geographic name entry element | IAN GREEN RESIDENTIAL LTD V ASFARI |
| 650 24 - SUBJECT ADDED ENTRY--TOPICAL TERM | |
| Topical term or geographic name entry element | ESTATE AGENTS ACT 1979 S18 |
| 650 24 - SUBJECT ADDED ENTRY--TOPICAL TERM | |
| Topical term or geographic name entry element | SUPPLY OF GOODS AND SERVICES ACT 1982 |
| 651 #4 - SUBJECT ADDED ENTRY--GEOGRAPHIC NAME | |
| Geographic name | United Kingdom |
| Chronological subdivision | |
| 690 ## - LOCAL SUBJECT ADDED ENTRY--TOPICAL TERM (OCLC, RLIN) | |
| Topical term or geographic name as entry element | PROPERTY-RESIDENTIAL PROPERTY-ACQUISITION AND DISPOSAL OF RESIDENTIAL PROPERTY |
| 942 ## - ADDED ENTRY ELEMENTS (KOHA) | |
| Suppress in OPAC | 0 |
| Withdrawn status | Lost status | Source of classification or shelving scheme | Damaged status | Not for loan | Home library | Current library | Shelving location | Date acquired | Total Checkouts | Full call number | Barcode | Date last seen | Copy number | Price effective from | Koha item type |
|---|---|---|---|---|---|---|---|---|---|---|---|---|---|---|---|
| Dewey Decimal Classification | London | London | Journal article | 06/02/2008 | L142335 | 142335-1001 | 06/08/2019 | 1 | 06/08/2019 | Journal article |